[Event "New Zealand Rapid Championship"]
[Site "Palmerston North"]
[Date "2024.01.11"]
[Round "1.1"]
[White "Jones, Gawain C B"]
[Black "McDonald, Duncan"]
[Result "1-0"]
[WhiteElo "2630"]
[BlackElo "1477"]

1. e4 c5 2. Nf3 Nc6 3. c3 Nf6 4. e5 Nd5 5. Bc4 Nb6 6. Bb3 d5 7. exd6 Qxd6 8. d4
g6 9. dxc5 Qxc5 10. Ng5 e6 11. O-O Bg7 12. Ne4 Qe7 13. Nd6+ Kf8 14. Be3 Be5 15.
Bc5 Kg7 16. Nf5+ 1-0

[Event "New Zealand Rapid Championship"]
[Site "Palmerston North"]
[Date "2024.01.11"]
[Round "1.2"]
[White "Nazeer, Afique M"]
[Black "Fruebing, Stefan"]
[Result "0-1"]
[WhiteElo "1107"]
[BlackElo "2410"]

1. d4 d5 2. c4 c6 3. Nc3 Nf6 4. Nf3 dxc4 5. e3 b5 6. a3 Nbd7 7. g3 e6 8. Bg2
Bb7 9. O-O Bd6 10. e4 e5 11. dxe5 Nxe5 12. Nxe5 Bxe5 13. Qc2 O-O 14. Rd1 Qb6
15. Be3 c5 16. f4 Ng4 17. Bc1 Bd4+ 18. Kf1 Nxh2+ 19. Ke2 Qg6 20. Rh1 Qxg3 21.
Rxh2 Qxh2 22. Kf3 f5 23. Be3 fxe4+ 0-1

[Event "New Zealand Rapid Championship"]
[Site "Palmerston North"]
[Date "2024.01.11"]
[Round "1.4"]
[White "Sun, Wanyao Sarah"]
[Black "Ker, Anthony F"]
[Result "0-1"]
[WhiteElo "1479"]
[BlackElo "2250"]

1. e4 c5 2. Nf3 g6 3. d4 cxd4 4. Nxd4 Nc6 5. c4 Nf6 6. Nc3 d6 7. Be3 Ng4 8. Qd2
Nxe3 9. Qxe3 Bg7 10. Nxc6 bxc6 11. Bd3 Rb8 12. Rb1 Rxb2 13. Rxb2 Bxc3+ 14. Rd2
Qa5 15. Bc2 Bxd2+ 16. Qxd2 Qxa2 17. Qc3 O-O 18. O-O Be6 19. Bb3 Qa3 20. Ra1 Qc5
21. h4 f5 22. Qd3 fxe4 23. Qxe4 Qxf2+ 24. Kh1 Rf6 25. Qxc6 Qxh4+ 26. Kg1 Qd4+
27. Kh2 Qxa1 28. Qe8+ Rf8 29. Qxe7 Qe5+ 30. Kg1 Rb8 31. Ba2 Rb2 32. Qe8+ Kg7
33. Qe7+ Bf7 34. Qxa7 Qe4 35. Kh1 Qxg2# 0-1

[Event "New Zealand Rapid Championship"]
[Site "Palmerston North"]
[Date "2024.01.11"]
[Round "1.5"]
[White "Dive, Russell J"]
[Black "Tao, Junqing Jerome"]
[Result "1-0"]
[WhiteElo "2236"]
[BlackElo "1471"]

1. Nf3 d5 2. c4 dxc4 3. Na3 Nc6 4. Nxc4 Nf6 5. b3 Bf5 6. Bb2 e6 7. g3 Bc5 8.
Bg2 O-O 9. O-O Re8 10. a3 h6 11. h3 Rb8 12. b4 Bd4 13. Nxd4 Nxd4 14. d3 Nb5 15.
Rc1 c6 16. Kh2 Nc7 17. Qb3 Bg6 18. Be5 Rc8 19. Nd6 Nd7 20. Nxb7 Qe7 21. Bd6 Qf6
22. Bxc6 Nd5 23. Kg2 Bh5 24. Rfe1 Ne5 25. Bxe5 Qxe5 26. e4 Nf4+ 27. gxf4 Qxf4
28. d4 Rf8 29. Qg3 Qf6 30. e5 Qe7 31. Nd6 Rcd8 32. Ne4 Bg6 33. Rcd1 Qc7 34. b5
a6 35. a4 axb5 36. axb5 Qa7 37. Qc3 Rc8 38. Nd6 Rcd8 39. Ra1 Qe7 40. Qg3 Qc7
41. Kh2 Qb6 42. Qc3 Qc7 43. Rg1 Qe7 44. Qg3 Qc7 45. Qe3 Qe7 46. b6 Rb8 47. Ra7
Qh4 48. b7 Rfd8 49. Ra8 Qe7 50. Rxb8 Rxb8 51. Ra1 Kh7 52. Ra8 Qc7 53. Be4 f5
54. Bg2 Qd8 55. Rxb8 Qxb8 56. Qb3 f4 57. Qxe6 Qf8 58. Qc8 Qe7 59. b8=Q Bh5 60.
Be4+ g6 61. Qh8# 1-0

[Event "New Zealand Rapid Championship"]
[Site "Palmerston North"]
[Date "2024.01.11"]
[Round "1.6"]
[White "Yu, Weiyang (Cadence)"]
[Black "Croad, Nicolas"]
[Result "0-1"]
[WhiteElo "1499"]
[BlackElo "2187"]

1. e4 e5 2. Nf3 Nc6 3. Nc3 Nf6 4. d4 exd4 5. Nxd4 Bc5 6. Be3 Bb6 7. Be2 O-O 8.
O-O Re8 9. Nxc6 bxc6 10. Bxb6 axb6 11. Bd3 d6 12. h3 Ra5 13. Qf3 Rg5 14. Rfe1
Nh5 15. a4 Ree5 16. Kh1 Rg6 17. Ne2 Qh4 18. Qe3 Reg5 19. Rg1 Nf6 20. Raf1 Rh6
21. f4 Bxh3 0-1

[Event "New Zealand Rapid Championship"]
[Site "Palmerston North"]
[Date "2024.01.11"]
[Round "1.8"]
[White "Pei, Yanshuo"]
[Black "Steadman, Michael V R"]
[Result "0-1"]
[WhiteElo "1465"]
[BlackElo "2045"]

1. d4 Nf6 2. c4 Nc6 3. Nc3 e5 4. d5 Ne7 5. Nf3 Ng6 6. h4 h5 7. Bg5 Bc5 8. a3 a5
9. e3 Be7 10. Bd3 d6 11. Qc2 Nf8 12. O-O Ng4 13. b4 f6 14. Bg6+ Nxg6 15. Qxg6+
Kf8 16. Ne4 Qe8 17. Qxe8+ Kxe8 18. c5 axb4 19. axb4 Rxa1 20. Rxa1 Kf7 21. Ra8
Rf8 22. Ra7 fxg5 23. Nfxg5+ Bxg5 24. Nxg5+ Kg6 25. Ne4 dxc5 26. bxc5 Nf6 27.
Nc3 Nd7 28. c6 Nc5 29. Nb5 Rf6 30. Nxc7 Rf7 31. cxb7 Bxb7 32. d6 Rd7 33. Ra5
Nd3 34. Ra7 Bc6 35. Ra6 Rxd6 36. Ne8 Re6 37. Nc7 Rf6 0-1

[Event "New Zealand Rapid Championship"]
[Site "Palmerston North"]
[Date "2024.01.11"]
[Round "1.9"]
[White "Hart, Ralph"]
[Black "Winsley, Daniel"]
[Result "1-0"]
[WhiteElo "2154"]
[BlackElo "1571"]

1. e4 c6 2. d4 d5 3. Nc3 dxe4 4. Bc4 g6 5. Nxe4 Bg7 6. Nf3 Nf6 7. Nxf6+ Bxf6 8.
Bh6 Qb6 9. O-O Qxb2 10. Re1 Bg4 11. h3 Bxf3 12. Qxf3 Qxd4 13. Rad1 Qh4 14.
Rxe7+ 1-0

[Event "New Zealand Rapid Championship"]
[Site "Palmerston North"]
[Date "2024.01.11"]
[Round "1.10"]
[White "Baker, Ilias Angelo (Leo)"]
[Black "Smith, Robert W"]
[Result "1-0"]
[WhiteElo "1530"]
[BlackElo "2132"]

1. e4 c5 2. Nf3 d6 3. d4 cxd4 4. Nxd4 Nf6 5. f3 Nc6 6. c4 e6 7. Nc3 Be7 8. Be3
Bd7 9. Be2 O-O 10. O-O a6 11. Qd2 Nxd4 12. Bxd4 Bc6 13. Rfd1 Kh8 14. Kh1 Qa5
15. a3 Rfd8 16. Qe3 Qh5 17. b4 Be8 18. a4 Nd7 19. Qf2 Bf6 20. a5 Rac8 21. Bxf6
Nxf6 22. Rac1 Kg8 23. Qb6 Rb8 24. Rxd6 Nd7 25. Qe3 Qh4 26. Rcd1 Ne5 27. Rxd8
Rxd8 28. Rxd8 Qxd8 29. Kg1 Nc6 30. Na2 h6 31. Kf2 e5 32. Qd3 Qd4+ 33. Qxd4 Nxd4
34. Bd3 Ba4 35. Nc3 Bb3 36. Ke3 Nc6 37. Nd5 Kf8 38. Kd2 Nd4 39. b5 axb5 40.
cxb5 Bxd5 41. exd5 Nb3+ 42. Kc3 Nxa5 43. b6 Ke7 44. Kb4 Kd6 45. Kxa5 g6 46. Kb5
f5 47. g4 e4 48. fxe4 fxg4 49. Be2 h5 50. Kc4 g5 51. Kd4 1-0

[Event "New Zealand Rapid Championship"]
[Site "Palmerston North"]
[Date "2024.01.11"]
[Round "2.2"]
[White "Fruebing, Stefan"]
[Black "Liu, William Rui"]
[Result "1-0"]
[WhiteElo "2410"]
[BlackElo "1910"]

1. e4 c5 2. Nf3 Nc6 3. Bb5 g6 4. Bxc6 dxc6 5. d3 Bg7 6. h3 e5 7. a4 Ne7 8. Be3
b6 9. Na3 O-O 10. Qd2 Qc7 11. Bh6 Be6 12. h4 f6 13. h5 Bxh6 14. Qxh6 g5 15.
Nxg5 fxg5 16. Qxe6+ Kh8 17. Nc4 Rae8 18. Nd6 Rb8 19. Qxe5+ Kg8 20. Qxg5+ Kh8
21. Qe5+ Kg8 22. Rh3 Nf5 23. Qe6+ 1-0

[Event "New Zealand Rapid Championship"]
[Site "Palmerston North"]
[Date "2024.01.11"]
[Round "2.3"]
[White "Ker, Anthony F"]
[Black "Malcolm, Aidan"]
[Result "1-0"]
[WhiteElo "2250"]
[BlackElo "1492"]

1. e4 c5 2. Nc3 Nc6 3. Bb5 Nd4 4. Nf3 Nxb5 5. Nxb5 a6 6. Nc3 e6 7. d4 cxd4 8.
Qxd4 Qc7 9. Be3 Ne7 10. O-O-O Nc6 11. Qb6 Qxb6 12. Bxb6 Be7 13. e5 f5 14. h4
O-O 15. Rd3 Nd8 16. Rhd1 Nf7 17. Kb1 Bxh4 18. Nxh4 Nxe5 19. Rd6 Nc4 20. f4 Nxd6
21. Rxd6 Rf6 22. Nf3 Rh6 23. a4 a5 24. Nb5 Ra6 25. Nc7 Rh1+ 26. Ka2 Rxb6 27.
Rxb6 d5 28. Rd6 Kf7 29. Rd8 1-0

[Event "New Zealand Rapid Championship"]
[Site "Palmerston North"]
[Date "2024.01.11"]
[Round "2.4"]
[White "Paulsen, Jens"]
[Black "Dive, Russell J"]
[Result "0-1"]
[WhiteElo "1669"]
[BlackElo "2236"]

1. e4 Nf6 2. d3 c5 3. g3 Nc6 4. Nc3 g6 5. Bg2 Bg7 6. f4 d6 7. Nf3 O-O 8. O-O
Rb8 9. a4 a6 10. Re1 Bg4 11. h3 Bxf3 12. Qxf3 Nd4 13. Qd1 b5 14. axb5 axb5 15.
Ne2 Ne8 16. c3 Nxe2+ 17. Rxe2 b4 18. d4 bxc3 19. bxc3 Nc7 20. e5 Nb5 21. Qd3
cxd4 22. c4 Nc3 23. Re1 dxe5 24. fxe5 Qb6 25. Bd2 e6 26. Kh2 Qc5 27. Bxc3 dxc3
28. Qxc3 Rb4 29. Rac1 Rfb8 30. Rc2 Rb3 31. Qa1 h5 32. Re4 0-1

[Event "New Zealand Rapid Championship"]
[Site "Palmerston North"]
[Date "2024.01.11"]
[Round "2.5"]
[White "Croad, Nicolas"]
[Black "Wang, Justin Zhide"]
[Result "1-0"]
[WhiteElo "2187"]
[BlackElo "1621"]

1. d4 e6 2. c4 Nf6 3. Nc3 Bb4 4. Qc2 d5 5. Bg5 O-O 6. e3 h6 7. Bh4 Nbd7 8. Bd3
Qe8 9. Nf3 b6 10. cxd5 exd5 11. O-O Bxc3 12. Qxc3 c5 13. dxc5 bxc5 14. Bxf6
Nxf6 15. Qxc5 Bg4 16. Nd4 Qe5 17. Rac1 g6 18. b4 h5 19. Qc7 Qxc7 20. Rxc7 Rfe8
21. h3 Be6 22. Rfc1 Ne4 23. Bxe4 dxe4 24. a4 Kg7 25. b5 Kf6 26. a5 Reb8 27.
R1c5 g5 28. a6 Rh8 29. Nc6 Rag8 30. Nxa7 h4 31. b6 g4 32. Kh2 gxh3 33. gxh3 Rg6
34. Rc8 Rh7 35. b7 Rhg7 36. Rc1 Rg2+ 37. Kh1 Rxf2 38. b8=Q Rf3 39. Qb2+ Kg6 40.
Rg1+ Kh5 41. Rh8+ 1-0

[Event "New Zealand Rapid Championship"]
[Site "Palmerston North"]
[Date "2024.01.11"]
[Round "2.6"]
[White "Steadman, Michael V R"]
[Black "Membrere, Briene"]
[Result "1-0"]
[WhiteElo "2045"]
[BlackElo "1725"]

1. e4 c6 2. d3 d5 3. Nd2 dxe4 4. dxe4 e5 5. Ngf3 f6 6. Bc4 Nd7 7. O-O Nb6 8.
Nxe5 Nxc4 9. Nexc4 Be6 10. Qe2 Qc7 11. Nf3 O-O-O 12. Be3 b5 13. Ncd2 Bb4 14. a4
Ba5 15. axb5 Bb6 16. Bxb6 Qxb6 17. bxc6 Ne7 18. c7 Rd7 19. Ra6 1-0

[Event "New Zealand Rapid Championship"]
[Site "Palmerston North"]
[Date "2024.01.11"]
[Round "2.7"]
[White "VanMeter, Lester"]
[Black "Hart, Ralph"]
[Result "0-1"]
[WhiteElo "1710"]
[BlackElo "2154"]

1. d4 Nf6 2. Nf3 g6 3. c4 Bg7 4. Nc3 O-O 5. Bg5 c5 6. d5 d6 7. e3 Qa5 8. Nd2 e6
9. Be2 Re8 10. O-O a6 11. a4 Nbd7 12. h3 Qc7 13. e4 Rb8 14. Bh4 b6 15. Bg3 e5
16. Ra3 Nf8 17. Bh2 Qd8 18. a5 h6 19. Qc2 g5 20. g4 Ng6 21. Rfa1 Nf4 22. Bxf4
exf4 23. f3 Nd7 24. Rb3 Bd4+ 25. Kg2 Kg7 26. axb6 Rxb6 27. Na4 Rxb3 28. Nxb3
Be3 29. Nc3 Qf6 30. Nd1 h5 31. Qc3 Bd4 32. Nxd4 cxd4 33. Qd2 Rh8 34. Nf2 Ne5
35. Rh1 hxg4 36. hxg4 Rxh1 37. Nxh1 Bxg4 38. Qxd4 Bd7 39. Nf2 g4 40. Nd3 gxf3+
41. Bxf3 Qg5+ 42. Kf2 Qg3+ 43. Ke2 Qxf3+ 0-1

[Event "New Zealand Rapid Championship"]
[Site "Palmerston North"]
[Date "2024.01.11"]
[Round "2.8"]
[White "Hamalala, Ronald"]
[Black "Fulo, Nunilon III"]
[Result "0-1"]
[WhiteElo "1605"]
[BlackElo "1992"]

1. e4 e5 2. Nf3 Nc6 3. Bc4 Nf6 4. d3 Be7 5. O-O d6 6. h3 O-O 7. Nc3 Na5 8. Bb3
a6 9. Bd2 Nxb3 10. axb3 h6 11. Ne2 Nh5 12. Nh2 Qe8 13. Ng3 Nxg3 14. fxg3 f5 15.
Qe2 Qg6 16. Rf3 Bd7 17. Raf1 fxe4 18. Rxf8+ Rxf8 19. Rxf8+ Bxf8 20. dxe4 Bc6
21. g4 Qxe4 22. Qxe4 Bxe4 23. c3 a5 24. c4 b6 25. Nf1 Bc2 26. b4 axb4 27. Bxb4
Bb3 28. Nd2 Bc2 29. Kf2 Be7 30. Ke2 Kf7 31. Nf1 Be4 32. Kf2 Ke6 33. Ne3 Bd3 34.
b3 c6 35. g3 Bg5 36. Bd2 d5 37. h4 Bxe3+ 38. Kxe3 dxc4 39. b4 Bh7 40. Bc3 Kd5
41. Bd2 c5 42. Bc3 cxb4 43. Bxb4 g6 44. Bf8 h5 45. Bb4 Bg8 46. gxh5 gxh5 47.
Bc3 Be6 48. Bb4 Bf5 49. Bc3 b5 50. Bb4 Kc6 51. Bc3 Kc5 52. Bxe5 b4 53. Kd2 c3+
54. Kc1 Kc4 55. Bd6 b3 56. Ba3 Kd3 0-1

[Event "New Zealand Rapid Championship"]
[Site "Palmerston North"]
[Date "2024.01.11"]
[Round "2.9"]
[White "Timergazi, Layla"]
[Black "Ashton, Matthew"]
[Result "1-0"]
[WhiteElo "1969"]
[BlackElo "1706"]

1. d4 d5 2. Nc3 Nf6 3. Bf4 c6 4. e3 e6 5. Nf3 Be7 6. Bd3 Nbd7 7. Ne5 O-O 8. O-O
a6 9. h3 c5 10. Nxd7 Bxd7 11. dxc5 Bxc5 12. e4 d4 13. Ne2 Bc6 14. Ng3 Re8 15.
e5 Nd5 16. Qh5 g6 17. Qg4 Nxf4 18. Qxf4 Qc7 19. Rad1 Rad8 20. Rfe1 Qb6 21. Nh5
Bf8 22. Nf6+ Kg7 23. Qh4 h5 24. Nxe8+ Rxe8 25. Qf6+ Kg8 26. Qf4 Qxb2 27. Be4
Bxe4 28. Qxe4 Qxa2 29. Rxd4 b5 30. Rd7 Qa5 31. Red1 Be7 32. Qb7 Kf8 33. Rc7 Qa3
34. Rdd7 Qa1+ 35. Kh2 Qa3 36. Qe4 Qb4 37. Qxb4 Bxb4 38. Rxf7+ Kg8 39. Rg7+ Kh8
40. Rxg6 1-0

[Event "New Zealand Rapid Championship"]
[Site "Palmerston North"]
[Date "2024.01.11"]
[Round "2.10"]
[White "Archer, Ollie"]
[Black "Zhu, David Junyang"]
[Result "1/2-1/2"]
[WhiteElo "1926"]
[BlackElo "1602"]

1. d4 Nf6 2. c4 e6 3. Nc3 Bb4 4. f3 d5 5. a3 Bxc3+ 6. bxc3 O-O 7. cxd5 exd5 8.
e3 c5 9. Bd3 Nc6 10. Ne2 Re8 11. O-O b6 12. Ng3 Bb7 13. Ra2 Rc8 14. Re2 cxd4
15. cxd4 Na5 16. Kh1 g6 17. Bb1 Ba6 18. e4 dxe4 19. fxe4 Bxe2 20. Qxe2 Rxc1 21.
Rxc1 Qxd4 22. Qf3 Kg7 23. Rf1 Nc4 24. Rd1 Qe5 25. Ba2 Nd6 26. Rf1 Rc8 27. Qd1
Ndxe4 28. Nxe4 Qxe4 29. Qa1 Rc6 30. Qb2 Qd3 31. Kg1 Qe3+ 32. Kh1 Qc3 33. Qf2
Qc2 34. Qf3 Rd6 35. Bxf7 Qc6 36. Qb3 Rd2 37. Rg1 Qc2 38. Qxc2 Rxc2 39. Be6 Re2
40. Bc4 Rc2 41. Bb5 Ne4 42. Re1 Nc3 43. Bc4 Rd2 44. Kg1 Rd1 45. Kf1 Kf6 46.
Rxd1 Nxd1 47. Ke2 Nc3+ 48. Kd3 Na4 49. Kd4 Kf5 1/2-1/2

[Event "New Zealand Rapid Championship"]
[Site "Palmerston North"]
[Date "2024.01.11"]
[Round "3.1"]
[White "Jones, Gawain C B"]
[Black "Young, Cohen"]
[Result "1-0"]
[WhiteElo "2630"]
[BlackElo "1885"]

1. Nf3 Nf6 2. c4 e6 3. g3 d5 4. Bg2 Be7 5. O-O O-O 6. b3 d4 7. e3 c5 8. exd4
cxd4 9. d3 Nc6 10. Na3 e5 11. Nc2 h6 12. Re1 Qc7 13. b4 Nxb4 14. Nxe5 Nxc2 15.
Qxc2 Bd6 16. Nf3 Bc5 17. Bf4 Qd8 18. Rab1 Nd7 19. Ne5 Nxe5 20. Rxe5 Bb6 21. Rd5
Qf6 22. c5 Bd8 23. Be5 Qa6 24. Rxd4 Re8 25. c6 bxc6 26. Ra4 1-0

[Event "New Zealand Rapid Championship"]
[Site "Palmerston North"]
[Date "2024.01.11"]
[Round "3.2"]
[White "Lee, Miles"]
[Black "Fruebing, Stefan"]
[Result "1-0"]
[WhiteElo "1938"]
[BlackElo "2410"]

1. e4 e5 2. f4 d5 3. exd5 exf4 4. Nf3 Nf6 5. Bb5+ c6 6. dxc6 Nxc6 7. Nc3 Bd6 8.
Qe2+ Be6 9. Nd4 O-O 10. Nxe6 fxe6 11. Bxc6 bxc6 12. b3 e5 13. Bb2 e4 14. O-O-O
Qe7 15. Rhe1 Rae8 16. Qc4+ Kh8 17. Qxc6 Be5 18. Kb1 Rc8 19. Qa4 e3 20. d4 Bd6
21. Re2 g5 22. h3 Nh5 23. Nb5 Ng3 24. Nxd6 Qxd6 25. d5+ Kg8 26. Qd4 Qg6 27.
Rde1 Rcd8 28. a4 Rd7 29. Ka2 Nxe2 30. Rxe2 Rf5 31. c4 h5 32. Qh8+ Kf7 33. Ba3
Re7 34. Bxe7 Kxe7 35. Qb8 Qb6 36. Qh8 Qg6 37. Qc8 Re5 38. Qc7+ Kf6 39. d6 Qd3
40. d7 Qxe2+ 41. Ka3 Qd2 42. d8=Q+ Qxd8 43. Qxd8+ Kf5 44. Qd3+ Re4 45. Qe2 g4
46. hxg4+ hxg4 47. c5 Ke5 48. c6 f3 49. gxf3 gxf3 50. Qxf3 e2 51. Qg3+ Kd5 52.
c7 Re8 53. Qd3+ Kc6 54. Qxe2 1-0

[Event "New Zealand Rapid Championship"]
[Site "Palmerston North"]
[Date "2024.01.11"]
[Round "3.3"]
[White "Qin, Oscar Shu Xuan"]
[Black "Ker, Anthony F"]
[Result "0-1"]
[WhiteElo "1832"]
[BlackElo "2250"]

1. e4 c5 2. Nf3 g6 3. d4 cxd4 4. Nxd4 Nc6 5. c4 Nf6 6. Nc3 d6 7. f3 Nxd4 8.
Qxd4 Bg7 9. Be3 O-O 10. Qd2 a5 11. Be2 a4 12. O-O Qa5 13. Rab1 Be6 14. b4 axb3
15. axb3 Rfc8 16. Rfc1 Nd7 17. Na4 Qxd2 18. Bxd2 Bd4+ 19. Kf1 Nc5 20. Nb6 Nxe4
21. Bb4 Bxb6 22. fxe4 Ra2 23. Bc3 Be3 24. Rd1 Rca8 25. Bb2 Bh6 26. Ra1 Bg7 27.
Bxg7 Kxg7 28. Rxa2 Rxa2 29. Rb1 Kf6 30. Bf3 Ke5 31. Rd1 Rb2 32. Rd3 g5 33. h3
b6 34. Kg1 f6 35. Kh2 Bf7 36. Kg3 h5 37. Kh2 h4 38. Kg1 Kf4 39. e5 fxe5 40. Bc6
e4 41. Rd1 Bg6 42. Kh2 Rxb3 43. Bd5 Rb2 44. Rf1+ Ke5 45. Rf8 e3 46. Rg8 e2 47.
Rxg6 b5 48. Re6+ Kd4 49. Bf3 bxc4 50. Bxe2 c3 51. Bd1 Rb7 52. Bc2 d5 53. Kg1
Rb2 54. Re2 Rxc2 55. Rxc2 Kd3 56. Ra2 c2 57. Ra1 Kd2 58. Ra2 d4 59. Kf2 Kd1 60.
Ra4 d3 61. Ra3 d2 0-1

[Event "New Zealand Rapid Championship"]
[Site "Palmerston North"]
[Date "2024.01.11"]
[Round "3.4"]
[White "Dive, Russell J"]
[Black "Malcolm, Leo"]
[Result "1-0"]
[WhiteElo "2236"]
[BlackElo "1659"]

1. Nf3 f5 2. g3 d6 3. d4 Nf6 4. Bg2 e6 5. O-O Be7 6. b3 O-O 7. Bb2 Nbd7 8. e3
Ne4 9. Na3 Ndf6 10. Nc4 Qe8 11. a4 Nd5 12. Ne1 Qg6 13. Nd3 Bg5 14. Qe2 Ndc3 15.
Qe1 Nd5 16. f3 Nef6 17. e4 Nb6 18. Na5 fxe4 19. fxe4 Bd7 20. Qe2 Qh6 21. e5
Nfd5 22. c4 Ne3 23. Rxf8+ Rxf8 24. Bxb7 d5 25. c5 Be8 26. h4 Bxh4 27. gxh4 Qg6+
28. Kh2 Ng4+ 29. Kh3 Qxd3+ 30. Qxd3 Nf2+ 31. Kg3 Nxd3 32. cxb6 cxb6 33. Ba3 Rf4
34. Nc6 Bh5 35. Rg1 Rg4+ 36. Kh2 Rxh4+ 37. Kg2 Be2 38. Rh1 Rg4+ 39. Kh3 Nf2+
40. Kh2 Nxh1 41. Kxh1 Bf3+ 42. Kh2 Rg2+ 43. Kh3 g5 44. Bc8 Kf7 45. Nd8+ Kg6 46.
Bxe6 h5 47. Bf7+ Kh6 48. Bf8+ Kh7 49. Bxh5 g4+ 50. Kh4 Rg1 51. Kg5 Rf1 52. Bg6+
Kg8 53. e6 g3 54. Bf7+ Kh8 55. Bd6 g2 56. Bh2 g1=Q+ 57. Bxg1 Rxg1+ 58. Kf6 Rf1
59. Ke5 Kg7 60. Kd6 Re1 61. e7 1-0

[Event "New Zealand Rapid Championship"]
[Site "Palmerston North"]
[Date "2024.01.11"]
[Round "3.5"]
[White "Langford, Joshua"]
[Black "Croad, Nicolas"]
[Result "1/2-1/2"]
[WhiteElo "1806"]
[BlackElo "2187"]

1. e4 e5 2. Nf3 Nc6 3. Bc4 Nf6 4. d3 Bc5 5. c3 d6 6. O-O Bb6 7. Re1 h6 8. Nbd2
O-O 9. h3 Ne7 10. Nf1 c6 11. Bb3 Ng6 12. d4 Re8 13. Ng3 Be6 14. Bc2 Qc7 15. Be3
Rad8 16. Qc1 exd4 17. cxd4 Bc8 18. Bxh6 gxh6 19. Qxh6 Qe7 20. e5 Nh7 21. e6
Bxe6 22. Rxe6 Qxe6 23. Nh5 Bxd4 24. Nxd4 Qe5 25. Nf3 Qh8 26. Bxg6 fxg6 27.
Qxg6+ Kf8 28. Qf5+ Kg8 29. Qg6+ Kf8 30. Qf5+ Kg8 1/2-1/2

[Event "New Zealand Rapid Championship"]
[Site "Palmerston North"]
[Date "2024.01.11"]
[Round "3.6"]
[White "McDougall, Euan"]
[Black "Steadman, Michael V R"]
[Result "0-1"]
[WhiteElo "1685"]
[BlackElo "2045"]

1. d4 d5 2. c4 e6 3. Nc3 c5 4. cxd5 cxd4 5. Qxd4 Nc6 6. Qd1 exd5 7. Nxd5 Nf6 8.
Nxf6+ Qxf6 9. a3 Bc5 10. e3 O-O 11. Bb5 Ne5 12. b4 Bb6 13. Bb2 Rd8 14. Qc2 Bf5
15. e4 Bxe4 16. Qe2 Qf5 17. Nh3 Nd3+ 18. Bxd3 Bxd3 19. Qf3 Qe6+ 0-1

[Event "New Zealand Rapid Championship"]
[Site "Palmerston North"]
[Date "2024.01.11"]
[Round "3.7"]
[White "Hart, Ralph"]
[Black "Ning, Isabelle Yixuan"]
[Result "1/2-1/2"]
[WhiteElo "2154"]
[BlackElo "1617"]

1. e4 c5 2. Nc3 d6 3. Nf3 Nf6 4. e5 Nfd7 5. e6 fxe6 6. Ng5 Nf6 7. Bb5+ Nc6 8.
O-O a6 9. Bxc6+ bxc6 10. f4 g6 11. Qe2 Bg7 12. Nxe6 Bxe6 13. Qxe6 Qd7 14. Qc4
Qa7 15. d3 d5 16. Qa4 c4+ 17. Kh1 Rc8 18. Bd2 cxd3 19. cxd3 O-O 20. Rae1 Ng4
21. Nd1 Nh6 22. Bc3 Nf5 23. Re6 Bxc3 24. bxc3 Rf6 25. Rxf6 exf6 26. Re1 Qd7 27.
Qc2 1/2-1/2

[Event "New Zealand Rapid Championship"]
[Site "Palmerston North"]
[Date "2024.01.11"]
[Round "3.8"]
[White "Fulo, Nunilon III"]
[Black "Charles, Dion"]
[Result "1-0"]
[WhiteElo "1992"]
[BlackElo "1710"]

1. e4 c5 2. Nf3 e6 3. d4 cxd4 4. Nxd4 Nf6 5. Nc3 Nc6 6. Ndb5 Bb4 7. a3 Bxc3+ 8.
Nxc3 a6 9. Be3 d6 10. Qd2 O-O 11. O-O-O Qa5 12. Kb1 Rd8 13. Bg5 b5 14. h4 b4
15. axb4 Qxb4 16. Bxf6 gxf6 17. Rh3 Kf8 18. Qh6+ Ke7 19. Rf3 Bb7 20. Qxf6+ Kd7
21. Qxf7+ Ne7 22. Rf6 e5 23. Qe6+ Ke8 24. Rf7 Rd7 25. Rxh7 Kd8 26. Rxe7 Rxe7
27. Rxd6+ 1-0

[Event "New Zealand Rapid Championship"]
[Site "Palmerston North"]
[Date "2024.01.11"]
[Round "3.9"]
[White "Gan, Emily Cathay"]
[Black "Timergazi, Layla"]
[Result "1-0"]
[WhiteElo "1521"]
[BlackElo "1969"]

1. c4 Nf6 2. Nc3 e6 3. d4 Bb4 4. Bd2 b6 5. Nf3 Bb7 6. e3 O-O 7. Bd3 Bxc3 8.
Bxc3 Ne4 9. Rc1 d6 10. O-O Nd7 11. Nd2 Nxc3 12. Rxc3 f5 13. f4 Nf6 14. Qb1 Ng4
15. Qe1 e5 16. Be2 exd4 17. exd4 Re8 18. Nf3 Qe7 19. Bd3 Qf6 20. Qh4 Bxf3 21.
Qxf6 Nxf6 22. Rxf3 g6 23. Rc2 c5 24. d5 Kf7 25. h3 Re1+ 26. Kf2 Re7 27. Re2
Rae8 28. Rfe3 Nh5 29. Rxe7+ Rxe7 30. Rxe7+ Kxe7 31. Kf3 Kf6 32. g4 fxg4+ 33.
hxg4 Ng7 34. Kg3 h6 35. Bc2 h5 36. gxh5 Nxh5+ 37. Kg4 Ng7 38. Bd3 Ne8 39. Bc2
Nc7 40. Bd3 b5 41. b3 b4 42. Bc2 a5 43. Bd3 Na6 44. Bc2 Nb8 45. Bd3 Nd7 46. Bc2
Nf8 47. Bd3 Nd7 48. Bc2 Nb6 49. Bd3 a4 50. Bc2 a3 51. Bd3 Nd7 52. Bc2 Nb6 53.
Bd3 Na4 54. bxa4 b3 55. Bb1 1-0

[Event "New Zealand Rapid Championship"]
[Site "Palmerston North"]
[Date "2024.01.11"]
[Round "3.10"]
[White "Baker, Ilias Angelo (Leo)"]
[Black "Zhang, Kendrick Botong"]
[Result "1/2-1/2"]
[WhiteElo "1530"]
[BlackElo "1808"]

1. e4 c5 2. Nf3 e6 3. d4 cxd4 4. Nxd4 Nc6 5. Nc3 Qc7 6. g3 a6 7. Bg2 Nf6 8. O-O
Be7 9. Re1 O-O 10. a4 d6 11. Be3 Bd7 12. h3 Nxd4 13. Bxd4 Bc6 14. a5 Nd7 15.
Na4 Bf6 16. Bxf6 Nxf6 17. Nb6 Rad8 18. c4 Nd7 19. Nxd7 Rxd7 20. b4 b5 21. axb6
Qxb6 22. Qb3 Rb8 23. Reb1 Ra7 24. Qd3 Qc7 25. b5 Bd7 26. bxa6 Rxb1+ 27. Qxb1
Bc8 28. Qb5 Kf8 29. Ra5 Ke7 30. e5 Qd7 31. Bc6 Qd8 32. exd6+ Qxd6 33. c5 Qc7
34. Qb6 Kd8 35. Bb7 Rxb7 36. axb7 Bxb7 37. Ra7 Kc8 38. Qd6 Kb8 39. f4 f6 40.
Ra3 Kc8 41. Qf8+ Qd8 42. Qxd8+ Kxd8 43. Rc3 Kc7 44. Kf2 Bd5 45. Ke3 e5 46. fxe5
fxe5 47. Kd2 Kc6 48. Kc2 Be6 49. Kb2 Bxh3 50. Kb3 Bg2 51. Kb4 h5 52. Re3 e4 53.
Kc4 g5 54. Ra3 Bf1+ 55. Kd4 h4 56. gxh4 gxh4 57. Ra8 h3 58. Rh8 Bg2 59. Rh6+
Kc7 60. Rh7+ Kc6 61. Rh6+ Kc7 62. Rh7+ Kc6 63. Rh6+ Kc7 1/2-1/2